[Event "GER CupT"]
[Site "Germany"]
[Date "1993.??.??"]
[Round "?"]
[White "Kaiser, Wolfgang"]
[Black "Heidrich, Manfred"]
[Result "1/2-1/2"]
[WhiteElo "2355"]
[BlackElo "2335"]

1.d4 f5 2.g3 Nf6 3.Bg2 g6 4.Nf3 Bg7 5.O-O O-O 6.c4 d6 7.Nc3 Qe8 8.d5 e5 9.dxe6 Bxe6
10.Nd4 c6 11.b3 Na6 12.Ba3 Rd8 13.Qc2 Rf7 14.Rad1 Rfd7 15.e4 fxe4 16.Nxe4 Nxe4
17.Qxe4 Bf7 18.Qxe8+ Rxe8 19.Nxc6 bxc6 20.Bxc6 Nb8 21.Bxd7 Nxd7 22.Bxd6 Re2
23.a4 Rb2 24.Rb1 Rc2 25.Rfc1 Ra2 26.Rd1 g5 27.c5 Bh5 28.Rd5 Bf3 29.c6 Bxd5
30.cxd7 Bf6 31.Bc7 g4 32.d8=Q+ Bxd8 33.Bxd8 Ra3  1/2-1/2

[Event "NRW-Liga II 9293"]
[Site "Germany"]
[Date "1993.??.??"]
[Round "?"]
[White "Dinstuhl, Volkmar"]
[Black "Dormann, Lars"]
[Result "1/2-1/2"]
[WhiteElo "2360"]
[BlackElo "2290"]

1.d4 f5 2.g3 Nf6 3.Bg2 g6 4.Nf3 Bg7 5.O-O O-O 6.c4 d6 7.Nc3 c6 8.d5 e5 9.dxe6 Bxe6
10.Qd3 Na6 11.Bf4 Ne4 12.Nxe4 fxe4 13.Qxe4 Bf5 14.Qe3 Qb6 15.Qxb6 axb6 16.Bxd6 Rfe8
17.e3 Bxb2 18.Rad1 Nc5 19.Bxc5 bxc5 20.Nh4 Be6 21.Rd2 Bf6 22.Rb1 Re7 23.Bf1 g5
24.Nf3 Bc3 25.Rd6 Bf6 26.Rd2 Bc3 27.Rd6 h6 28.Rc1 Bg7 29.Rd2 Rd7 30.Rxd7 Bxd7
31.Rc2 Bf5 32.Rd2 Bc3 33.Rd1 Rxa2 34.Bd3 Bg4 35.Be4 Be6 36.Kg2 Kf7 37.Rc1 Bf6
38.h3 Ra4 39.Nd2 Rb4 40.Bf3 Be7 41.Rc2 Bf6 42.Ne4 Be7 43.Nd2 Bf6 44.Ne4 Be7  1/2-1/2

[Event "Bundesliga 9293"]
[Site "Germany"]
[Date "1993.??.??"]
[Round "?"]
[White "Gauglitz, Gernot"]
[Black "Ditt, Egon"]
[Result "1-0"]
[WhiteElo "2435"]
[BlackElo "2295"]

1.d4 g6 2.c4 f5 3.Nf3 Bg7 4.g3 Nf6 5.Bg2 O-O 6.O-O d6 7.d5 c6 8.Nc3 cxd5
9.cxd5 Na6 10.Be3 Bd7 11.h3 Qa5 12.a3 Rfc8 13.Nd4 Qb6 14.Qd2 Qd8 15.b4 Nc7
16.Rac1 Qe8 17.Rfd1 a5 18.Ne6 axb4 19.Nxg7 Kxg7 20.axb4 Na6 21.Qb2 Rc4 22.Rd4 Rac8
23.b5 Nb8 24.Bf1 Qd8 25.b6 R4c5 26.Rdd1 Ra5 27.Bd4 Be8 28.e4 Nd7 29.exf5 gxf5
30.Re1 Bg6 31.Qd2 Nc5 32.Qe3 Kf7 33.Nb5 Nfe4 34.Nc7 Qd7 35.Qh6 Rg8 36.h4 Nb3
37.Bc3 Rc5 38.h5 Rxc3 39.Rxc3 Nxc3 40.hxg6+ hxg6 41.Qe3  1-0

[Event "BL2-S9293"]
[Site "Germany"]
[Date "1993.??.??"]
[Round "?"]
[White "Sandmeier, Toni"]
[Black "Gross, Georg"]
[Result "0-1"]
[WhiteElo "2240"]
[BlackElo "2295"]

1.c4 f5 2.Nf3 Nf6 3.g3 g6 4.Bg2 Bg7 5.O-O O-O 6.d4 d6 7.Nbd2 Nc6 8.d5 Ne5
9.Nd4 Bd7 10.Qc2 c5 11.dxc6 Nxc6 12.Nb5 a6 13.Nc3 Rc8 14.Nf3 Na5 15.Nd2 Bc6
16.Bxc6 Rxc6 17.Qd3 Qc8 18.Nd5 Rf7 19.Ne3 f4 20.gxf4 Nh5 21.Ng2 Nxc4 22.Nf3 Nxb2
23.Bxb2 Bxb2 24.Rab1 Qg4 25.e3 Qxf3 26.Rxb2 Nxf4 27.Nxf4 Rxf4 28.Qb3+ Rfc4
29.Rc2 d5 30.Rxc4 Rxc4 31.e4 Qxb3 32.axb3 Rxe4 33.Rc1 Rb4 34.Rc7 Kf7  0-1

[Event "Hessen-NRW"]
[Site "Germany"]
[Date "1993.??.??"]
[Round "?"]
[White "Krallmann, Matthias"]
[Black "Rechel, Ralf"]
[Result "1-0"]
[WhiteElo "2285"]
[BlackElo "2280"]

1.d4 f5 2.g3 Nf6 3.Bg2 g6 4.Nf3 Bg7 5.c4 O-O 6.O-O d6 7.Nc3 Qe8 8.b3 h6 9.Qd3 g5
10.e4 fxe4 11.Nxe4 Nxe4 12.Qxe4 Nc6 13.Bb2 Qh5 14.Rae1 Bf5 15.Qe3 Nb4 16.Qd2 Nd3
17.Rxe7 Nxb2 18.Qxb2 Bd3 19.Rfe1 Rxf3 20.Bxf3 Qxf3 21.R7e3 Qf5 22.Qd2 Bc2
23.f3 Qh7 24.Kg2 Bf8 25.Rh1 g4 26.Qe2 gxf3+ 27.Qxf3 c6 28.Rf1 Bg6 29.Re6 Re8
30.Rxe8 Bxe8 31.Qxf8+  1-0

[Event "Oberliga Nord N9293"]
[Site "Germany"]
[Date "1993.??.??"]
[Round "?"]
[White "Kordsachia, Tariel"]
[Black "Hingst, Stefan"]
[Result "1/2-1/2"]
[WhiteElo "2290"]
[BlackElo "2245"]

1.d4 f5 2.Nf3 g6 3.g3 Bg7 4.Bg2 Nf6 5.O-O O-O 6.c4 d6 7.Nc3 Qe8 8.b3 Na6
9.Ba3 c6 10.Rc1 b5 11.cxb5 cxb5 12.b4 Bb7 13.Qb3+ e6 14.Bb2 Bh6 15.Rc2 Rc8
16.Bc1 Bxc1 17.Rfxc1 Rc4 18.a3 Nd5 19.Nd2 Rxd4 20.Nxd5 Bxd5 21.Qe3 e5 22.Bxd5+ Rxd5
23.Qxa7 Qa8 24.Qd7 Qe8 25.Qb7 Qa8 26.Qxa8 Rxa8 27.Nb3 Kf7 28.Na5 Ke6 29.Rc6 Rd2
30.Rb6 Rd5 31.Rb7 h5 32.h4 f4 33.Kg2 fxg3 34.Kxg3 e4 35.Nc6 g5 36.Rxb5 gxh4+
37.Kxh4 Nc7 38.Rxd5 Nxd5 39.Nd4+ Ke5 40.Nc6+ Ke6 41.Nd4+ Ke5 42.Nc6+ Ke6  1/2-1/2

[Event "Giessen op"]
[Site "Giessen"]
[Date "1993.??.??"]
[Round "5"]
[White "Schwarz, Peter"]
[Black "Reinemer, Frank"]
[Result "1-0"]
[WhiteElo "2290"]
[BlackElo "2275"]

1.d4 f5 2.Nf3 Nf6 3.g3 g6 4.Bg2 Bg7 5.O-O O-O 6.c4 d6 7.Nc3 Na6 8.b3 c6 9.Bb2 Qe8
10.Qc2 h6 11.Rae1 g5 12.e4 fxe4 13.Nxe4 Qg6 14.Nxf6+ Qxf6 15.Ba1 Qf7 16.d5 Bf5
17.Qd2 Bxa1 18.Rxa1 c5 19.a3 Bg4 20.Ne1 Qh5 21.f3 Bd7 22.Nd3 Rf7 23.Rae1 Raf8
24.Re3 Bh3 25.Bxh3 Qxh3 26.Nf2 Qh5 27.Ng4 Nc7 28.Qe2 Re8 29.Qd3 b6 30.Rfe1 Kf8
31.Kg2 Rd8 32.Qc3 Kg8 33.Rxe7 Qg6 34.Rxc7 Rxc7 35.Re6 Qg7 36.Nxh6+ Kh8 37.Qe3 Rf8
38.Ng4 Rcf7 39.Rh6+ Kg8 40.Qe6 Qb2+ 41.Kh3 Qb1 42.Nf6+ Kg7 43.Rh7+ Qxh7+
44.Nxh7 Kxh7 45.Qxd6 Rxf3 46.b4 R8f6 47.Qe7+ Kg6 48.d6 Kf5 49.d7 Rf2 50.Qxf6+  1-0

[Event "Haarlem op"]
[Site "Haarlem"]
[Date "1993.??.??"]
[Round "4"]
[White "Happel, Hendrik A"]
[Black "Bezemer, Arno"]
[Result "1/2-1/2"]
[WhiteElo "2275"]
[BlackElo "2215"]

1.d4 f5 2.Nf3 Nf6 3.g3 g6 4.Bg2 Bg7 5.O-O O-O 6.c4 d6 7.Nc3 Nc6 8.d5 Ne5
9.Nxe5 dxe5 10.Bd2 e6 11.dxe6 e4 12.Qc2 Bxe6 13.b3 Qe7 14.Rad1 Rad8 15.Qc1 Rd7
16.Bg5 Rfd8 17.Rxd7  1/2-1/2

[Event "Hamburg-ch"]
[Site "Hamburg"]
[Date "1993.??.??"]
[Round "?"]
[White "Kunsztowicz, Uwe"]
[Black "Hegeler, Frank"]
[Result "0-1"]
[WhiteElo "2310"]
[BlackElo "2215"]

1.g3 g6 2.Bg2 Bg7 3.d4 f5 4.Nf3 Nf6 5.O-O O-O 6.c4 d6 7.Nc3 c6 8.d5 e5 9.dxe6 Bxe6
10.b3 Na6 11.Bb2 Qe7 12.Qc2 d5 13.cxd5 Nb4 14.Qc1 Nfxd5 15.Na4 Bxb2 16.Qxb2 Rad8
17.a3 Na6 18.Nd4 Bf7 19.e3 Qe5 20.Qc1 Nb6 21.Nf3 Qa5 22.Nxb6 Qxb6 23.b4 c5
24.b5 Nc7 25.a4 Bd5 26.h4 Qd6 27.h5 b6 28.Rd1 Qf6 29.hxg6 hxg6 30.Qc2 Be4
31.Qa2+ Kg7 32.Nh4 Bxg2 33.Nxg2 Nd5 34.Re1 Nc3 35.Qc4 Rd6 36.a5 Rfd8 37.Nf4 Ne4
38.axb6 axb6 39.Ra7+ R8d7 40.Ne6+ Kh6 41.Rxd7 Rxd7 42.Kg2 g5 43.Rh1+ Kg6
44.g4 Re7 45.Qd5 Nd6 46.Nf8+ Kg7 47.Nh7 Qe5 48.Qxe5+ Rxe5 49.Nxg5 fxg4 50.Rd1 Nxb5
51.Rd7+ Kg6 52.Nf7 Re6 53.Kg3 c4 54.Kxg4 Kf6 55.Ng5 Re7 56.Rd8 Rc7 57.Rb8 Ke7
58.Rxb6 c3 59.Rxb5 c2 60.Re5+ Kd6 61.f4 c1=Q 62.e4 Rc5 63.Nf7+ Kd7 64.Kf5 Rxe5+
65.Nxe5+ Kd6 66.Ng6 Qb1 67.Ne5 Qc2 68.Ng6 Qc8+ 69.Kg5 Qh3 70.Ne5 Qe6 71.Kh5 Qg8
72.Ng6 Qe8 73.e5+ Ke6 74.Kg5 Qd8+ 75.Kg4 Qd1+ 76.Kg5 Qg1+ 77.Kh6 Kf5 78.Nh4+ Kxf4  0-1

[Event "Wichern op"]
[Site "Hamburg"]
[Date "1993.??.??"]
[Round "5"]
[White "Tatenhorst, Volker"]
[Black "Glek, Igor V"]
[Result "0-1"]
[WhiteElo "2250"]
[BlackElo "2535"]

1.d4 f5 2.Nf3 Nf6 3.g3 g6 4.Bg2 Bg7 5.O-O O-O 6.c4 d6 7.Nc3 Qe8 8.d5 a5 9.Nd4 Na6
10.Bg5 Nc5 11.Bxf6 Bxf6 12.Qd2 Bd7 13.Rae1 Qf7 14.f4 Qg7 15.e3 Kh8 16.b3 e6
17.dxe6 Nxe6 18.Ncb5 Nxd4 19.Nxd4 c6 20.Rd1 Rfe8 21.Rfe1 Re7 22.Ne2 Be8 23.Qxd6 Rxe3
24.Kf2 Re7 25.Nc1 Rxe1 26.Rxe1 Bf7 27.Qc7 Bd4+  0-1

[Event "Helsinki"]
[Site "Helsinki"]
[Date "1993.??.??"]
[Round "7"]
[White "Hakulinen, Esko Matti"]
[Black "Norri, Joose"]
[Result "0-1"]
[WhiteElo "2355"]
[BlackElo "2400"]

1.Nf3 f5 2.g3 Nf6 3.Bg2 g6 4.d4 Bg7 5.O-O O-O 6.c4 d6 7.Nc3 e6 8.b3 Qe7 9.Bb2 Bd7
10.Qd3 Nc6 11.e4 Rae8 12.a3 Nd8 13.Rae1 b6 14.h3 Nf7 15.e5 Nh5 16.Nb5 dxe5
17.Nxe5 Nxe5 18.dxe5 Bxb5 19.cxb5 f4 20.Kh2 Rd8 21.Qe2 Qg5 22.Qg4 Qf5 23.Qxf5 fxg3+
24.fxg3 gxf5 25.Bf3 Rd2+ 26.Re2 Nxg3 27.Kxg3 Rxb2 28.Rd1 Rxe2 29.Bxe2 Bxe5+
30.Kf3 Bd6 31.Bc4 Kf7 32.Re1 Re8 33.h4 Kf6 34.h5 e5 35.Rg1 Bxa3 36.h6 e4+
37.Ke2 Bc5 38.Rg7 Re7 39.Rg8 Rd7 40.Re8 Re7 41.Rf8+ Kg5 42.Bd5 Re5 43.Rg8+ Kxh6
44.Bc6 Re7  0-1

[Event "Hlohovec op"]
[Site "Hlohovec"]
[Date "1993.??.??"]
[Round "?"]
[White "Piza, Vlastimil"]
[Black "Ruckschloss, Karol"]
[Result "1-0"]
[WhiteElo "2275"]
[BlackElo "2285"]

1.d4 f5 2.Nf3 Nf6 3.c4 g6 4.g3 Bg7 5.Bg2 O-O 6.O-O d6 7.Nc3 c6 8.d5 e5 9.dxe6 Bxe6
10.Nd2 Nbd7 11.Rb1 Ne5 12.b3 Qb6 13.Qc2 Rad8 14.h3 Nh5 15.Na4 Qc7 16.f4 Nxg3
17.fxe5 Nxe2+ 18.Kf2 Nxc1 19.Rbxc1 dxe5 20.Kg1 e4 21.Rfe1 e3 22.Nf3 f4 23.Rcd1 Bf5
24.Qe2 Qe7 25.Rxd8 Rxd8 26.Rd1 Rf8 27.c5 g5 28.Qc4+ Kh8 29.Nc3 h5 30.Nd4 Bc8
31.Ne4 g4 32.hxg4 hxg4 33.Nd6 Qh4 34.Rf1 g3 35.Nf3 Qh5 36.Nxc8 Rxc8 37.Qxf4 e2
38.Re1 Qxc5+ 39.Kh1 Re8 40.Qh4+ Kg8 41.Qxg3 Qe3 42.Bh3 Rf8 43.Kg2 Rf6 44.Ng5 Qe7
45.Qd3 Bh6 46.Rxe2  1-0

[Event "HUN-chT"]
[Site "HUN"]
[Date "1993.??.??"]
[Round "?"]
[White "Emodi, Barnabas"]
[Black "Orso, Miklos"]
[Result "1/2-1/2"]
[WhiteElo "2230"]
[BlackElo "2340"]

1.d4 f5 2.g3 Nf6 3.Bg2 g6 4.Nf3 Bg7 5.O-O O-O 6.c4 d6 7.Nc3 c6 8.b3 Qe8 9.Ba3 a5
10.Qc2 Na6 11.Rad1 Nb4 12.Qb1 e5 13.dxe5 dxe5 14.e4 f4 15.Ne1 Nh5 16.Ne2 Qe7
17.f3 Qc5+ 18.Rf2 fxg3 19.hxg3 Bh6 20.Nd3 Qe7 21.Bc1 Bxc1 22.Qxc1 Nxd3 23.Rxd3 a4
24.Qb2 axb3 25.axb3 Qc5 26.Qc3 Be6 27.Bf1 Nf6 28.Re3 Ra3 29.Nc1 Qd4 30.Rd2 Qc5
31.Kg2 Nh5 32.Re1 Qe7 33.Qe3 Kg7 34.Red1 Rf7 35.Ra2 Rxa2+ 36.Nxa2 Bc8 37.Nc1 Qe6
38.Kf2 Nf6 39.Ke1 Qe7 40.Bg2 Qb4+ 41.Ke2 b5 42.Qd2 Qc5 43.Nd3 Qd4 44.Qb2 Qxb2+  1/2-1/2

[Event "HUN-chT"]
[Site "HUN"]
[Date "1993.??.??"]
[Round "?"]
[White "Foldi, Istvan"]
[Black "Horvath, Jozsef M"]
[Result "1-0"]
[WhiteElo "2325"]
[BlackElo "2205"]

1.d4 f5 2.Nf3 Nf6 3.g3 g6 4.Bg2 Bg7 5.O-O O-O 6.c4 d6 7.Nc3 Qe8 8.d5 Na6
9.Nd4 Bd7 10.Rb1 c5 11.Ne6 Bxe6 12.dxe6 Qc8 13.Nd5 Nxd5 14.cxd5 b5 15.h4 Nc7
16.e4 Qe8 17.Bf4 a5 18.exf5 gxf5 19.Bf3 Kh8 20.Bh5 Qc8 21.Bg5 Bf6 22.Qd3 Qb7
23.Rfd1 Bxg5 24.hxg5 f4 25.Qc3+ Kg8 26.Bf7+ Rxf7 27.exf7+ Kxf7 28.Qf3 Kg8
29.Qxf4 Rf8 30.Qe3 Rf7 31.Rd3 c4 32.Rd4 Qb6 33.Re1 Kf8 34.g6 hxg6 35.Qh6+ Ke8
36.Qxg6 Kf8 37.Qh5 Rf6 38.Rd2 a4 39.Re4 Ne8 40.Qh8+  1-0

[Event "HUN-chT"]
[Site "HUN"]
[Date "1993.??.??"]
[Round "?"]
[White "Portisch, Ferenc"]
[Black "Szabolcsi, Janos"]
[Result "1-0"]
[WhiteElo "2400"]
[BlackElo "2380"]

1.d4 f5 2.g3 Nf6 3.Bg2 g6 4.Nf3 Bg7 5.O-O O-O 6.c4 c6 7.Nc3 d5 8.cxd5 cxd5
9.b4 Ne4 10.Qb3 e6 11.Be3 Nc6 12.Rfd1 Qb6 13.Rab1 Qxb4 14.Qxb4 Nxb4 15.Nxe4 fxe4
16.Rxb4 exf3 17.Bxf3 Re8 18.Bf4 b6 19.Rc1 Bf8 20.Rb3 Ba6 21.Re3 Bg7 22.Bg4 Bxd4
23.Bxe6+ Kh8 24.Rd1 Bc8 25.Bxd5 Bxe3 26.Bxe3 Be6 27.Bxa8 Rxa8 28.a3 Kg8 29.Rc1 Rc8
30.Rxc8+ Bxc8 31.Bd4 Kf7 32.e4 Ke6 33.f3 Kd6 34.Kf2 Kc6 35.Ke3 Kb5 36.Bf6 Kc4
37.Kf4 Bh3 38.Ke5 Bg2 39.Kd6 Bxf3 40.e5 Kb3 41.e6 Be2 42.Kc6 Bc4 43.e7 Bf7
44.Kb7 Kc4 45.Kxa7 b5 46.Kb6 Kd5 47.Kxb5 Ke6 48.Bg5 h6 49.Bxh6 Kxe7 50.a4 Bd5
51.Kb6 Kd7 52.h4 Kc8 53.Bf4 Be4 54.a5 Bd5 55.a6 Kd7 56.a7  1-0

[Event "HUN-chT2"]
[Site "HUN"]
[Date "1993.??.??"]
[Round "?"]
[White "Lukacs, Peter"]
[Black "Farkas, Zsolt"]
[Result "1-0"]
[WhiteElo "2480"]
[BlackElo "2240"]

1.d4 f5 2.g3 Nf6 3.Bg2 g6 4.Nf3 Bg7 5.O-O O-O 6.c4 d6 7.Nc3 Qe8 8.d5 h6 9.Nd4 c6
10.dxc6 Nxc6 11.e3 Bd7 12.b3 Rb8 13.Bb2 a6 14.Nd5 Nxd4 15.Bxd4 Bc6 16.Rc1 e6
17.Nxf6+ Bxf6 18.Bxf6 Bxg2 19.Kxg2 Qc6+ 20.f3 Rxf6 21.Qd4 Rf7 22.Rfd1 Rd8
23.Qh4 Qe8 24.Qxh6 Rh7 25.Qg5 Kf7 26.e4 Qh8 27.h4 Qb2+ 28.Kg1 Qf6 29.exf5 gxf5
30.Qxf6+ Kxf6 31.f4 Rc7 32.Kf2 Ke7 33.Re1 Rdc8 34.Re3 Kf6 35.Rd1 Rd8 36.Kf3 Rcc8
37.g4 fxg4+ 38.Kxg4 Rc7 39.Re5 Rg7+ 40.Rg5 Rh7 41.h5 Rc7 42.f5 exf5+ 43.Rxf5+ Kg7
44.Rfd5 Rf7 45.Rxd6 Re8 46.R1d4 Re2 47.Rd7 Rg2+ 48.Kh3 Rxa2 49.h6+ Kg8 50.Rg4+ Kf8
51.Rxf7+ Kxf7 52.h7 Ra1 53.Kg2  1-0

[Event "HUN-ch (Women)"]
[Site "HUN"]
[Date "1993.??.??"]
[Round "3"]
[White "Velvart, Peterne"]
[Black "Lendvai, Edit"]
[Result "1/2-1/2"]
[WhiteElo "2155"]
[BlackElo "2095"]

1.d4 f5 2.g3 Nf6 3.Bg2 g6 4.Nf3 Bg7 5.O-O O-O 6.c4 d6 7.Nc3 Qe8 8.d5 Na6
9.Nd4 Bd7 10.b4 Nxb4 11.Rb1 c5 12.Ne6 Bxe6 13.dxe6 Rb8 14.a3 Nc6 15.Nd5 Qc8
16.Bg5 Kh8 17.Nf4 Ne4 18.Bxe4 fxe4 19.Qc2 Rf5 20.h4 Nd4 21.Qxe4 Re5 22.Qd3 Nxe6
23.Nd5 Nxg5 24.hxg5 Qg4 25.Rfe1 Rxg5 26.Nxe7 Qh3 27.Qf3 Rh5 28.e3 Qh2+ 29.Kf1 Rf8
30.Qg2 b6 31.Red1 Qh1+ 32.Qxh1 Rxh1+ 33.Ke2 Rxd1 34.Rxd1 Rd8 35.f4 Bf8 36.Nc6 Rd7
37.e4 Rc7 38.Nd8 Rc8 39.Nf7+ Kg8 40.Ng5 Re8 41.Kf3 h6 42.Nh3 Kf7 43.Nf2 Rb8
44.a4 Ke6 45.Ng4 a6 46.Rb1 Bg7 47.Rb3 Kd7 48.Ne3 Kc6 49.Nd5 Rb7 50.g4 Bf8
51.Nc3 Bg7 52.Nd5 Bf8  1/2-1/2

[Event "HUN-ch (Women)"]
[Site "HUN"]
[Date "1993.??.??"]
[Round "5"]
[White "Horvath, Julia"]
[Black "Lendvai, Edit"]
[Result "1-0"]
[WhiteElo "2245"]
[BlackElo "2095"]

1.d4 f5 2.g3 Nf6 3.Bg2 g6 4.Nf3 Bg7 5.O-O O-O 6.c4 d6 7.Nc3 Qe8 8.d5 Na6
9.Nd4 Bd7 10.Rb1 c5 11.Ndb5 Qc8 12.b3 Nc7 13.Nxc7 Qxc7 14.Bb2 Ng4 15.Qd2 a6
16.e3 b5 17.Ne2 Bxb2 18.Rxb2 Rab8 19.cxb5 axb5 20.Rc1 b4 21.Nd4 Nf6 22.Qd3 Rfe8
23.e4 fxe4 24.Bxe4 Qb7 25.Nc6 Rbc8 26.Bxg6 Bxc6 27.dxc6 Qxc6 28.Bxe8 Rxe8
29.Re2 Nd5 30.Rc4 Nf6 31.Qf5 d5 32.Rh4 c4 33.Re6 Qc7 34.Rxf6 exf6 35.Qxd5+ Qf7
36.Qxf7+ Kxf7 37.Rxc4 Ra8 38.Rxb4 Rxa2 39.Rb7+ Kg6 40.Kg2 Rb2 41.h4 h6 42.Kf3 Rc2
43.b4 Rc4 44.b5 Rb4 45.b6 Kf5 46.Rb8 Rb3+ 47.Kg2 h5 48.b7 Rb2 49.Kf3 Rb3+
50.Ke2 Rb2+ 51.Kd3 Rb4 52.Kc3 Rb1 53.Kc4 Rc1+ 54.Kd5 Rd1+ 55.Kc6 Rc1+ 56.Kd7 Rd1+
57.Ke7 Re1+ 58.Kf7 Rd1 59.Re8 Rd7+ 60.Re7 Rd8 61.Rc7 Rb8 62.Rc5+ Kg4 63.Rb5 Kf3
64.Kxf6 Kxf2 65.Rb3 Kg2 66.Kg5  1-0

[Event "ISL-ch"]
[Site "?"]
[Date "1993.??.??"]
[Round "10"]
[White "Stefansson, Hannes"]
[Black "Vidarsson, Jon G"]
[Result "1-0"]
[WhiteElo "2500"]
[BlackElo "2325"]

1.d4 f5 2.g3 Nf6 3.Bg2 g6 4.Nf3 Bg7 5.O-O O-O 6.c4 d6 7.Nc3 Qe8 8.b3 c6 9.Qd3 e5
10.dxe5 dxe5 11.e4 Na6 12.Ba3 Rf7 13.Bd6 Rd7 14.c5 b5 15.b4 fxe4 16.Nxe4 Nxb4
17.Nxf6+ Bxf6 18.Qb3+ Nd5 19.Rae1 Bb7 20.Nxe5 Bxe5 21.Rxe5 Qf7 22.Rfe1 Nf6
23.Re6 Ng4 24.Bf3 Nh6 25.Re8+  1-0

[Event "Jakarta Interzonal (Women)"]
[Site "Jakarta"]
[Date "1993.??.??"]
[Round "?"]
[White "Botsari Miladinovic, Anna Maria"]
[Black "Maric, Mirjana"]
[Result "1/2-1/2"]
[WhiteElo "2245"]
[BlackElo "2305"]

1.d4 f5 2.g3 Nf6 3.Bg2 g6 4.Nf3 Bg7 5.O-O O-O 6.c4 d6 7.Nc3 Nc6 8.d5 Ne5
9.Nxe5 dxe5 10.Qb3 Kh8 11.c5 a6 12.Rd1 Rb8 13.Qa3 h6 14.b4 Qe8 15.Qa4 Qxa4
16.Nxa4 e4 17.Rb1 Bd7 18.Nc3 Rbd8 19.Bb2 e6 20.d6 c6 21.f3 Nd5 22.Nxd5 exd5
23.Bxg7+ Kxg7 24.f4 g5 25.e3 gxf4 26.gxf4 Kf6 27.Kf2 Ke6 28.Bh3 Rg8 29.Rg1 Kf7
30.Rg3 Rg6 31.Bf1 Rxg3 32.hxg3 Rg8 33.Be2 Kg7 34.a4 Kf6 35.Rh1 Kg6 36.Ke1 Kg7
37.Kd2 Rh8 38.Kc3 Kf6 39.Kd4 Kg7 40.Ra1 Ra8 41.Rb1 Kf6 42.Rh1 Kg6 43.Rh2 Kg7
44.Bh5 Kf6 45.Bd1 Kg6 46.Bb3 Ra7 47.Rh1 Ra8 48.Rh2 Be6 49.Ke5 Bd7 50.Ra2 Re8+
51.Kd4 Kf6 52.b5 Rg8 53.Rh2 Rxg3 54.Rxh6+ Kg7 55.bxc6 bxc6 56.Rh2 a5 57.Ba2 Kf6
58.Bb3 Kg7 59.Rh5 Rg1 60.Rh2 Rb1 61.Bc2 Rb8 62.Bd1 Rb1 63.Be2 Rg1 64.Ke5 Rg6
65.Bh5 Re6+ 66.Kd4 Rh6 67.Rg2+ Kf6 68.Rg5 Ke6 69.Rg6+ Rxg6 70.Bxg6 Kf6 71.Bh5 Ke6
72.Kc3 Kf6 73.Kd2 Kg7 74.Ke1 Kh6 75.Be2 Be8 76.Kf2 Kg6 77.Kg3 Kg7 78.Kh4 Kf6
79.Ba6 Bd7 80.Kh5 Be8+ 81.Kh6 Bd7 82.Kh5 Be6 83.Kh4  1/2-1/2

[Event "Katowice op"]
[Site "Katowice"]
[Date "1993.??.??"]
[Round "4"]
[White "Friedersdorff, Frank"]
[Black "Potapov, Alexander"]
[Result "1/2-1/2"]
[WhiteElo "2295"]
[BlackElo "2380"]

1.d4 f5 2.g3 Nf6 3.Bg2 g6 4.Nf3 Bg7 5.O-O O-O 6.c4 d6 7.b3 Qe8 8.Bb2 Na6
9.Nbd2 c6 10.Re1 h6 11.a3 g5 12.e4 fxe4 13.Nxe4 Nxe4 14.Rxe4 Bf5 15.Re3 Qf7
16.Qe2 Bf6 17.Re1 e6 18.g4 Bxg4 19.Nxg5 Bxg5 20.Qxg4 Qxf2+ 21.Kh1 Nc7 22.Bc1 Kh8
23.R3e2 Qf5 24.Qxf5 exf5 25.Bxg5 hxg5 26.Re7 Rfe8 27.Kg1 Kg8 28.Kf2 Rxe7
29.Rxe7 Rc8 30.Bh3 g4 31.Bf1 Kf8 32.Rh7 Kg8 33.Re7 Kf8 34.Rh7 Kg8  1/2-1/2

[Event "Katowice op"]
[Site "Katowice"]
[Date "1993.??.??"]
[Round "5"]
[White "Sokalsky, Alexander"]
[Black "Biolek, Richard"]
[Result "1-0"]
[WhiteElo "2250"]
[BlackElo "2420"]

1.d4 f5 2.g3 g6 3.Bg2 Bg7 4.Nf3 Nf6 5.O-O O-O 6.c4 d6 7.Nc3 Nc6 8.d5 Ne5
9.Qb3 Nxf3+ 10.Bxf3 Nd7 11.Be3 h6 12.Rac1 g5 13.c5 Ne5 14.cxd6 cxd6 15.Nb5 f4
16.Bd4 Bf5 17.Bxe5 Bxe5 18.g4 Bd7 19.Nc7 Rc8 20.Ne6 Bxe6 21.dxe6 Rb8 22.Rc4 b5
23.Rc6 Rb6 24.Rc2 d5 25.Rc5 Qb8 26.Rxd5 Kg7 27.Rd7 Bf6 28.Qd5 b4 29.b3 Rb5
30.Qd3 Qe5 31.Rxa7 Rc5 32.Ra6 Rfc8 33.Kg2 Rc2 34.Qd7 Rb8 35.Qd3 Rbc8 36.Qd7 Rb8
37.Re1 Rc3 38.Rd1 Rc2 39.Rd2 Rbc8 40.Rxc2 Rxc2 41.Qe8 h5 42.Qf7+ Kh6 43.Qxh5+ Kg7
44.Ra8  1-0

[Event "Katowice op"]
[Site "Katowice"]
[Date "1993.??.??"]
[Round "8"]
[White "Tunik, Gennady"]
[Black "Potapov, Alexander"]
[Result "1-0"]
[WhiteElo "2465"]
[BlackElo "2380"]

1.d4 f5 2.g3 Nf6 3.Bg2 g6 4.Nf3 Bg7 5.O-O O-O 6.c4 d6 7.Nc3 Qe8 8.d5 a5 9.Rb1 Na6
10.b3 Bd7 11.Bb2 c6 12.Na4 Qd8 13.Ng5 h6 14.Ne6 Bxe6 15.dxe6 Rb8 16.Bc3 b5
17.Nb2 Qb6 18.cxb5 cxb5 19.Bd4 Nc5 20.Nd3 b4 21.Nf4 Kh7 22.h4 Qb5 23.e3 Nce4
24.Rc1 Rbc8 25.h5 gxh5 26.Rxc8 Rxc8 27.Nxh5 Nxh5 28.Qxh5 Ng5 29.Bxg7 Kxg7
30.e4 Rf8 31.exf5 Qxf5 32.Qh4 Qxe6 33.Qd4+ Qf6 34.Qa7 h5 35.Re1 Rf7 36.f4 Nh7
37.Qe3 e5 38.fxe5 dxe5 39.Qxe5 Ng5 40.Kh1 Ra7 41.Qc5 Rf7 42.Rf1 Qg6 43.Qe5+ Kh6
44.Rd1 Qf5 45.Qh8+ Nh7 46.Rd5 Qg6 47.Rxa5 Qd6 48.Qe8 Qe7 49.Qxe7 Rxe7 50.Kg1 Nf6
51.Bf3 Re3 52.Kg2 Rc3 53.Ra4 Rc2+ 54.Kf1 Kg5 55.Ke1 Rb2 56.Rxb4 Rxa2 57.Rb5+ Kg6
58.Re5 Rb2 59.Re3 Kf5 60.Kd1 h4 61.gxh4 Rh2 62.h5 Kf4 63.Re6 Nd7 64.Be2 Nc5
65.Rf6+ Ke5 66.Rb6 Ne4 67.Bf3 Nc3+ 68.Ke1 Kf4 69.Rc6 Nb5 70.Bd1 Nd4 71.Rc3 Ke4
72.b4 Rb2 73.Rc8 Rh2 74.Rc3 Rb2 75.Rh3 Rxb4 76.h6 Rb8 77.h7 Rh8 78.Kf2 Kf5
79.Rh4 Kg5 80.Rxd4 Rxh7 81.Bf3 Rh4 82.Rd8 Kf5 83.Ke3 Rb4 84.Rd5+ Ke6 85.Ra5 Rb3+
86.Kf4 Rb4+ 87.Be4 Kd6 88.Rd5+ Ke6 89.Rc5 Rb6 90.Re5+ Kd6 91.Rd5+ Ke6 92.Rd4 Ra6
93.Rb4 Kd6 94.Rb5 Ra1 95.Rd5+ Ke6 96.Rd2 Rf1+ 97.Ke3 Ke5 98.Rd5+ Ke6 99.Ra5 Re1+
100.Kd4 Rd1+ 101.Bd3 Kf6 102.Ra6+ Kg5 103.Rg6+ Kf4 104.Rf6+ Kg5 105.Rf2 Ra1
106.Be4 Ra4+ 107.Ke5 Ra5+ 108.Bd5 Kg4 109.Rg2+ Kh3 110.Rg8 Kh4 111.Ke4 Ra4+
112.Kf5 Ra5 113.Ke5 Rb5 114.Rg1 Ra5 115.Kf4 Kh5 116.Be4 Kh6 117.Rg6+ Kh5
118.Rb6 Kh4 119.Rc6 Rb5 120.Ra6 Rc5 121.Bd3 Kh3 122.Ra2  1-0

[Event "Kilkenny op"]
[Site "Kilkenny"]
[Date "1993.??.??"]
[Round "2"]
[White "Baburin, Alexander"]
[Black "Clarke, Thomas"]
[Result "1-0"]
[WhiteElo "2530"]
[BlackElo "2205"]

1.d4 f5 2.g3 Nf6 3.Bg2 g6 4.Nf3 Bg7 5.O-O O-O 6.c4 d6 7.Nc3 Nc6 8.d5 Ne5
9.Nxe5 dxe5 10.Qb3 Nd7 11.Rd1 a5 12.c5 Nxc5 13.Qc4 b6 14.d6+ Be6 15.Bd5 Bxd5
16.Nxd5 cxd6 17.Bg5 Kh8 18.Bxe7 Qb8 19.Bxf8 Qxf8 20.Nxb6 Rb8 21.Nd5 Rxb2
22.Rab1 Rb8 23.Rxb8 Qxb8 24.Nc3 e4 25.Nb5 e3 26.f3 Be5 27.Nxd6 Bxd6 28.Qd4+ Be5
29.Qxc5 Bxg3 30.Qe7 Bxh2+ 31.Kh1  1-0

[Event "La Coruna"]
[Site "La Coruna"]
[Date "1993.??.??"]
[Round "3"]
[White "Kurajica, Bojan"]
[Black "Permuy, Carlos"]
[Result "1-0"]
[WhiteElo "2535"]
[BlackElo "2275"]

1.d4 f5 2.g3 Nf6 3.Bg2 g6 4.Nf3 Bg7 5.O-O O-O 6.c4 d6 7.Nc3 Qe8 8.b3 h6 9.Ba3 g5
10.e3 a5 11.Ne1 Na6 12.Nd3 Rb8 13.Qe2 Nh7 14.Rac1 b6 15.c5 dxc5 16.dxc5 b5
17.Bb2 e5 18.Nd5 e4 19.Bxg7 Kxg7 20.Qb2+ Kg8 21.Ne5 Be6 22.Ng6 Kf7 23.Nxf8 Qxf8
24.Qd2 Qd8 25.Qxa5 Bxd5 26.Qxa6 Nf6 27.c6 Rb6 28.Qa5 g4 29.Rfd1 Qe7 30.Bf1 Bxc6
31.Qc3 h5 32.Qc5 Qxc5 33.Rxc5 Ke6 34.Rdc1 Bd7 35.Rxc7 Nd5 36.R7c5  1-0

[Event "Las Palmas3"]
[Site "Las Palmas"]
[Date "1993.??.??"]
[Round "6"]
[White "Izeta Txabarri, Felix"]
[Black "Magem Badals, Jorge"]
[Result "1-0"]
[WhiteElo "2510"]
[BlackElo "2505"]

1.d4 f5 2.Nf3 Nf6 3.g3 g6 4.Bg2 Bg7 5.O-O O-O 6.c4 d6 7.Nc3 c6 8.d5 e5 9.dxe6 Bxe6
10.Qd3 Ng4 11.b3 Na6 12.Ba3 Qa5 13.Bb2 Rad8 14.Rad1 Rfe8 15.Qc2 d5 16.Ng5 Nb4
17.Qb1 d4 18.Na4 Bc8 19.h3 Ne5 20.Rxd4 Rxd4 21.Bxd4 h6 22.a3 hxg5 23.Bc3 Nf3+
24.Bxf3 Bxc3 25.Nxc3 Qxa3 26.Rd1 Na6 27.Qc2 Qe7 28.Bg2 Rd8 29.Rd2 Be6 30.e3 Rxd2
31.Qxd2 Nc5 32.Qa2 a5 33.Qa3 Kf7 34.Ne2 b5 35.Nd4 bxc4 36.bxc4 Nb7 37.Qa4 Bd7  1-0

[Event "Lippstadt"]
[Site "Lippstadt"]
[Date "1993.??.??"]
[Round "?"]
[White "Hoffmann, Michael"]
[Black "Kindermann, Stefan"]
[Result "1/2-1/2"]
[WhiteElo "2460"]
[BlackElo "2495"]

1.d4 f5 2.g3 Nf6 3.Bg2 g6 4.Nf3 Bg7 5.O-O O-O 6.c4 d6 7.Nc3 Qe8 8.Re1 Qf7
9.b3 Ne4 10.Bb2 Nc6 11.Qd3 Nxc3 12.Bxc3 e5 13.dxe5 dxe5 14.Ng5 Qe7 15.Bd5+ Kh8
16.Bxc6 Qxg5 17.Bg2 e4 18.Bxg7+ Kxg7 19.Qd4+ Qf6  1/2-1/2

[Event "Lippstadt"]
[Site "Lippstadt"]
[Date "1993.??.??"]
[Round "?"]
[White "Wehmeier, Stefan"]
[Black "Kindermann, Stefan"]
[Result "1/2-1/2"]
[WhiteElo "2320"]
[BlackElo "2495"]

1.d4 f5 2.c4 Nf6 3.Nf3 g6 4.g3 Bg7 5.Bg2 O-O 6.O-O d6 7.Nc3 Qe8 8.d5 Na6
9.Nd4 Bd7 10.Rb1 c6 11.dxc6 bxc6 12.b4 Rc8 13.b5 cxb5 14.cxb5 Rxc3 15.bxa6 Ne4
16.Rb7 Qc8 17.Bb2 Rc7 18.Qb3+ Kh8 19.Bxe4 fxe4 20.Rxc7 Qxc7 21.Rc1 Qa5 22.Ne6 Bxe6
23.Bxg7+ Kxg7 24.Qxe6 Rf7  1/2-1/2

[Event "Loosdorf op"]
[Site "Loosdorf"]
[Date "1993.??.??"]
[Round "2"]
[White "Rockenschaub, Manfred"]
[Black "Krizsany, Laszlo"]
[Result "0-1"]
[WhiteElo "2270"]
[BlackElo "2370"]

1.Nf3 f5 2.g3 Nf6 3.Bg2 g6 4.O-O Bg7 5.d4 O-O 6.c4 d6 7.Nc3 Qe8 8.b3 e5 9.dxe5 dxe5
10.Ba3 Rf7 11.Qc2 Nc6 12.e3 e4 13.Nd4 Ne5 14.Rfe1 a6 15.f3 c5 16.Bxc5 Nd3
17.Na4 Bd7 18.fxe4 Nxe1 19.Rxe1 Bxa4 20.bxa4 Nxe4 21.Bb6 Rc8 22.g4 Kh8 23.gxf5 gxf5
24.Rf1 Nd6 25.Nxf5 Nxf5 26.Rxf5 Rxf5 27.Qxf5 Rxc4 28.a5 Rc1+ 29.Kf2 Qa4 30.Kg3 Qxa2
31.Bd5 Qd2 32.Be4 Qd6+ 33.Kg2 Qh6 34.Bxb7 Bf6 35.Bxa6 Qg7+ 36.Kh3 Be5 37.e4 Rc3+
38.Kh4 Bf6+ 39.Kh5 Rh3+  0-1